Fúzie a akvizície - ako jeden z dôsledkov medzinárodnej spolupráce

Teoretické vymedzenie fúzií a akvizícií. Právna úprava fúzií v Európskej únii. Fúzie a akvizície z historického pohľadu. Výhody a nevýhody fúzií a akvizícií. Problémy fúzií a akvizícií. Zlyhanie fúzií a akvizícií. Vplyv fúzií a akvizícií na zúčastnené subjekty.

Guardado en:
Detalles Bibliográficos
Autor principal: Schreterová, Ingrid
Formato: Capítulo de libro
Lenguaje:eslovaco
Materias:
Etiquetas: Agregar Etiqueta
Sin Etiquetas, Sea el primero en etiquetar este registro!

MARC

LEADER 00000naa$a2200000$$$4500
001 0066598
005 20240502071806.7
041 0 |a slo 
044 |a SK 
245 1 0 |a Fúzie a akvizície - ako jeden z dôsledkov medzinárodnej spolupráce  |c Ingrid Schreterová 
520 |a Teoretické vymedzenie fúzií a akvizícií. Právna úprava fúzií v Európskej únii. Fúzie a akvizície z historického pohľadu. Výhody a nevýhody fúzií a akvizícií. Problémy fúzií a akvizícií. Zlyhanie fúzií a akvizícií. Vplyv fúzií a akvizícií na zúčastnené subjekty. 
610 2 0 |a fúzie 
610 2 0 |a akvizícia 
610 2 0 |a zlučovanie podnikov 
610 2 0 |a spolupráca medzinárodná 
610 2 0 |a konkurencia 
610 2 0 |a konkurencieschopnosť 
610 2 0 |a manažment 
610 2 0 |a akcionári 
610 2 0 |a bankovníctvo 
610 2 0 |a poisťovníctvo 
610 2 0 |a právo 
100 1 |a Schreterová, Ingrid